000 nam a22 7a 4500
999 _c128334
_d128334
008 181009b xxu||||| |||| 00| 0 eng d
050 _aPL8681.94
_b.D65
100 _aDoke, Clement M.
_934749
245 _aReport on the unification of the Shona dialects
_bcarried out under the auspices of the Government of Southern Rhodesia and the Carnegie Corporation
_cClement M. Doke
260 _aEngland
_bStephen Austin and Sons, Ltd.
_c1931
300 _a156p. ;
_c24cm.
650 _aShona language
_xDialects
_942812
942 _2lcc
_cMONOGRAPH